000 01247cam a22002415a 4500
001 L160202
008 190102s2018 xxk f 000 0 eng d
035 _a(Sirsi) u160202
041 0 _aeng
110 2 _aRoyal Institution of Chartered Surveyors
_94900
245 0 0 _aMeasurement matters
_bWhy ask for a property measurement to RICS standards?
_h[electronic resource]
_c[old edition]
260 _aLondon
_bRICS
_c2018
490 _aRICS Consumer Guide
520 _aThis consumer guide aims to ensure consistency in the measurement of residential property for sales and letting purposes to avoid new buyers and renters paying more than they should for a property based on inaccurate floorplans.
520 _aSuperseded by 2020 edition which in turn was archived due to the Home Survey Standard which removed the need for this guide. Note there is no longer a test or certificate for surveyors for measuring.
590 _aNTK
650 2 4 _aFLOORPLANS
651 4 _aUnited Kingdom
690 _aMeasurement
_96256
690 _aResidential property
_96266
856 4 0 _uhttps://www.rics.org/profession-standards/knowledge-and-information-services/document-delivery-and-o
_zemail [email protected] to request a copy
942 _n0
_2ddc
999 _c116275
_d116275